000
00322nam a22001457a 4500
999
_c
12154
_d
12154
020
_a
978-81-317-3089-8
082
_a
302
100
_a
Elliot Aronson Timothy D.Wilson
245
_a
Social Psychology
250
_a
9th edition
260
_a
New Delhi
_c
2018
300
_a
713
650
_a
Psychology
942
_c
BK